| 000 | 00759nai a22001937a 4500 | ||
|---|---|---|---|
| 003 | OSt | ||
| 005 | 20170325110726.0 | ||
| 008 | 170209b xxu||||| |||| 00| 0 eng d | ||
| 040 |
_aBMC _cBMC |
||
| 082 | _a909 | ||
| 245 | 0 | 3 |
_aLa aventura de la historia _b: diciembre _cJavier Villalba, editor |
| 260 |
_aMadrid _bGrupo Unidad _c1999 |
||
| 300 |
_a114 p. _c28 cm _e+ 1 h. pleg. |
||
| 490 |
_aLa aventura de la historia _v14, año 2 |
||
| 505 | _aContiene: Siglo XX, barbarie y grandeza.- La cerveza, bebida de pobres.- El reto de la igualdad de la mujer.- El mundo Azteca.- El día de la bestia; el cristianismo primitivo.- Los cinco francos de Napoleón.- | ||
| 650 | 2 | 4 |
_91258 _aHistoria universal |
| 700 | 1 |
_920715 _aVillalba, Javier |
|
| 942 |
_2ddc _cPR |
||
| 999 |
_c27127 _d27127 |
||